| 000 | 07158nam a22004457a 4500 | ||
|---|---|---|---|
| 003 | EG-GICUC | ||
| 005 | 20260505111908.0 | ||
| 008 | 260505s2026 ua a|||frm||| 000 0 eng d | ||
| 040 |
_aEG-GICUC _beng _cEG-GICUC _dEG-GICUC _erda |
||
| 041 | 0 |
_aeng _beng _bara |
|
| 049 | _aDeposit | ||
| 082 | 0 | 4 | _a615.82 |
| 092 |
_a615.82 _221 |
||
| 097 | _aM.Sc | ||
| 099 | _aCai01.21.10.M.Sc.2026.Sh.U | ||
| 100 | 0 |
_aShimaa Atef Ali Nawar, _epreparation. |
|
| 245 | 1 | 0 |
_aUpper versus lower limb exercises on intermittent claudication in diabetic patients / _cby Shimaa Atef Ali Nawar ; Supervisors Prof. Dr. Zeinab Mohammed Helmy, Prof. Dr. El-Sayed Essam El-Sayed Felaya, Dr. Hossam Mohammed Dabees. |
| 246 | 1 | 5 | _aتمارين الطرف العلوي مقابل السفلى فى العرج المتقطع بمرضى السكرى |
| 264 | 0 | _c2025. | |
| 300 |
_a87 pages : _billustrations ; _c25 cm. + _eCD. |
||
| 336 |
_atext _2rda content |
||
| 337 |
_aUnmediated _2rdamedia |
||
| 338 |
_avolume _2rdacarrier |
||
| 502 | _a Thesis (M.Sc)-Cairo University, 2026. | ||
| 504 | _aBibliography: pages 78-85. | ||
| 520 | 3 | _aPurpose: The main purpose of this study was to investigate and compare between the effect of upper and lower limb exercises on intermittent claudication (IC) in patients with diabetes mellitus. Subjects and methods: Sixty patients from both sexes diagnosed with IC and type 2 diabetes mellitus, their ages ranged from (45- 55) years old recruited from internal department at Damanhour Medical National Institute (DMNI), Damanhour, Beheira Governorate, Egypt. The patients of this study were randomly assigned into three equal groups. Group A (upper limb exercises group) received arm cranking exercise plus routine physiotherapy program and medical treatment. Group B (lower limb exercises group) received leg bicycle exercise plus routine physiotherapy program and medical treatment. Group C (the control group) received only routine physiotherapy program and medical treatment. The study evaluated maximum walking distance (MWD), pain-free walking distance (PFWD), claudication pain score, ankle/brachial index (ABI) and glycated haemoglobin (HbA1c), for three groups before-treatment and after three consecutive months of treatment. Results: Within group statistical analysis revealed significant increase in mean values of MWD, PFWD, and ABI, and a significant decrease in mean values of claudication pain score and HbA1C in the group A, B and C (P < 0.05). Between-groups analysis there was significant differences in the post-study mean values of MWD and PFWD. However, there was no significant difference in the post-study mean values of claudication pain score, ABI, and HbA1C (P > 0.05). Conclusion: Both upper and lower limb exercise programs were effective in improving symptoms of intermittent claudication and functional activity in patients with diabetes. However, the upper limb exercise program showed superior outcomes and gains compared to the lower limb exercise program in such patients. | |
| 520 | 3 | _aالهدف من البحث: كان الهدف الرئيسي من هذه الدراسة هو التحقق ومقارنة تأثير التمارين للطرفين العلوي والسفلي على العرج المتقطع لدى مرضى السكري. طرق وأساليب البحث : تم اختيار ستين مريضًا من كلا الجنسين مصابين بالعرج المتقطع ومرض السكري من النوع الثاني، تتراوح أعمارهم بين ( ٤٥-٥٥) سنة، من قسم الطب الباطني بالمعهد القومي الطبي بدمنهور، محافظة البحيرة، جمهورية مصر العربية. تم توزيع المرضى عشوائيًا إلى ثلاث مجموعات متساوية تلقت المجموعة أ (تمارين الطرف العلوي): تمارين تدويرالذراع بالإضافة إلى برنامج العلاج الطبيعي الروتينى والعلاج الدوائى. بينما تلقت المجموعة ب (تمارين الطرف السفلي): تمارين الدراجة بالإضافة إلى برنامج العلاج الطبيعي الروتيني والعلاج الدوائى .اما المجموعة ج (المجموعة الضابطة): تلقت برنامج العلاج الطبيعي الروتيني والعلاج الدوائى فقط. تم تقييم المسافة القصوى للمشي، المسافة الخالية من الألم للمشي ، درجة الم العرج، مؤشر الكاحل العضدى ، والسكر التراكمي للمجموعات الثلاث قبل العلاج وبعد ثلاثة أشهر متتالية منه. النتائج:أظهر التحليل الإحصائي داخل المجموعات زيادة ذات دلالة إحصائية في القيم المتوسطة للمسافة القصوى للمشي و المسافة الخالية من الألم للمشي و مؤشر الكاحل العضدى ، وانخفاضاً ذات دلالة إحصائية في القيم المتوسطة لكل من درجة ألم العرج والسكر التراكمي في المجموعات) أ )و( ب) و (ج ) (P < 0.05) . بينما كشف التحليل الإحصائي بين المجموعات عن وجود فرق ذي دلالة إحصائية في القيم المتوسطة بعد الدراسة لكل من لالمسافة القصوى للمشي و المسافة الخالية من الألم للمشي . ومع ذلك، لم يظهر فرق ذو دلالة إحصائية في القيم المتوسطة بعد الدراسة لكل من درجة ألم العرج ومؤشر الكاحل العضدي والسكر التراكمي (P > 0.05). الاستنتاج: كلا البرنامجين (تمارين الطرف العلوي والسفلي) كانا فعالين في تحسين أعراض العرج المتقطع والنشاط الوظيفي لمرضى السكري. ومع ذلك، أظهر برنامج تمارين الطرف العلوي نتائج متفوقة مقارنة بتمارين الطرف السفلي في هذه الفئة من المرضى. | |
| 530 | _aIssues also as CD. | ||
| 546 | _aText in English and abstract in Arabic & English. | ||
| 650 | 0 | _aPhysical Therapy | |
| 650 | 0 | _aالعلاج الطبيعي | |
| 653 | 0 |
_aArm cranking exercise _aDiabetes mellitus _a Intermittent claudication _aLeg bicycle exercise _aMaximum walking distance _aتمارين تدوير الذراع _aمرض السكري |
|
| 700 | 0 |
_aZeinab Mohammed Helmy _ethesis advisor. |
|
| 700 | 0 |
_aEl-Sayed Essam El-Sayed Felaya _ethesis advisor. |
|
| 700 | 0 |
_aHossam Mohammed Dabees _ethesis advisor. |
|
| 900 |
_b01-01-2026 _cZeinab Mohammed Helmy _cEl-Sayed Essam El-Sayed Felaya _cHossam Mohammed Dabees _UCairo University _FFaculty of Physical Therapy _DDepartment of Physical Therapy for Cardiovascular/ Respiratory Disorder and Geriatrics |
||
| 905 | _aShimaa | ||
| 942 |
_2ddc _cTH _e21 _n0 |
||
| 999 | _c179977 | ||